000 01208nam a2200253Ia 4500
003 OSt
005 20210518132803.0
008 210310s1992 ck adb gr 001 0 spa d
020 _a958904901x
040 _aCO-JMCR
_cCO-JMCR
041 0 _aspa
082 0 4 _a333.91861021 /
_bM353e
_223
100 1 _aMarín Ramírez, Rodrigo,
_915501
_eautor
245 1 0 _aEstadísticas sobre el recurso agua en Colombia /
_cRodrigo Marín Ramírez
250 _aSegunda edición
260 _aBogotá :
_bMinisterio de Agricultura,
_c1992
300 _a412 páginas :
_bilustraciones, gráficas y mapas a color ;
_c24 cm.
500 _aIncluye glosario de términos.
504 _aBibliografía: páginas 403-11
505 0 _aEl recurso agua -- Recursos hídricos de Colombia -- Aguas lluvias y escorrentia superficial -- Red hidrometeorológica -- El agua en sus diversos usos -- Consumo de agua por sectores en Colombia -- Problemática del recurso agua -- Gestión de los recursos hídricos -- Presupuesto destinado a los recursos hídricos -- Marco legal de los recursos hídricos
650 1 4 _aRecursos acuáticos
_915503
_vEstadísticas
_zColombia
650 2 4 _aAgua
_vEstadísticas
_937671
942 _2ddc
_cBK
999 _c7803
_d7803